00847nam a22002777a 4500003000500000005001700005008004100022010001000063011001000073035001000083040000900093082001500102100002900117245003700146260003000183300001100213590004100224590004100265590004200306650001600348901000700364942001000371949005400381999001700435952011700452CHAP20220817042858.0971013s1963 r 00010 d a58628 a59600 a63760 cCHAP a636.5bS8400aSykes, Geoffrey.9110911 aPoultryb: a modern agribusiness aLondon :bLockwood,c1963 a242 p. aBATCH-UPDb10c20130110lUCH01h0345 aBATCH-UPDb10c20130110lUCH01h2030 aCONVERSIONb10c20130109lUCH01h133114aAvicultura. aBK cLIBRO a636.5 S84bBCcBPAd-137455eBPAh24656i63760si c58628d58628 01104053708MDaBCbBCd2019-12-31fLIBROi127l0o636.5 S84p-137455r2019-12-31 00:00:00w2019-12-31yLIBRO